Catch - 22 /

Shranjeno v:
Bibliografske podrobnosti
Glavni avtor: Heller, Joseph.
Format: Knjiga
Jezik:English
Izdano: London : David Campbell, 1995.
Teme:
Oznake: Označite
Brez oznak, prvi označite!
Thư viện lưu trữ: Mạng thư viện Đại học Đà Nẵng
LEADER 00940cam a2200373 i 4500
001 000047174
003 6749
005 20030225110158.0
008 010310|1995 vm 000 eng
020 |a 1857152204 
022 |a T 
040 |a IRC  |c IRC  |d IRC 
041 0 |a eng 
082 1 4 |a 813.54  |b HE-J 
100 1 |a Heller, Joseph. 
245 0 0 |a Catch - 22 /  |c Joseph Heller ; Introduced by Malcolm Bradbury. 
260 |a London :  |b David Campbell,  |c 1995. 
300 |a 569p. ;  |c 20.5cm. 
630 0 4 |a American literature. 
630 0 4 |a American stories. 
630 0 4 |a War stories. 
630 0 4 |a Catch - 22. 
630 0 4 |a Joseph Heller. 
650 0 4 |a Literature, American  |x War stories. 
OWN |a DUT 
999 |a From the UDN01 
TYP |a Monograph 
TYP |a Printed language 
980 |a Mạng thư viện Đại học Đà Nẵng